Language Quiz

Random Language or Letter Quiz

Double Word Hourglass IV Quiz Stats

 Plays Quiz Updated Jun 23, 2019

Score 0/17 Timer 02:00
2 Plays Today
Clue Word % Correct
HumorWIT
97.4%
Color of snow⥼ WHITE ⥽
96.8%
'Gone ___ the Wind'WITH
96.3%
Letter that looks like a Greek etaH
94.7%
Stephen King's clown-based terror bookIT
94%
The Boston subway systemT
93.8%
Sculpture or painting, e.g.ART
93.2%
In a specific locationAT
90.4%
Remnant of a fireASH
90.2%
Clue Word % Correct
Sigh of reliefAH
89.3%
Irritated skin conditionRASH
87.9%
Canadian sentence ending interjectionEH
82.2%
Sharpen a knife on a stoneWHET
67.7%
One really good at pool⥼ SHARK ⥽
62.6%
Distance over timeRATE
57.9%
Letter in Old EnglishETH
36.2%
Eminent or distinguished⥼ GREAT ⥽
35.2%

You're not logged in!

Compare scores with friends on all Sporcle quizzes.
OR
Log In

Sporcle TV

Today on Sporcle TV


Watch our educational content, quiz creation guides, and fun videos on Sporcle TV.

Show Comments

Extras

Top Quizzes Today


Score Distribution

Your Account Isn't Verified!

In order to create a playlist on Sporcle, you need to verify the email address you used during registration. Go to your Sporcle Settings to finish the process.

Report this User

Report this user for behavior that violates our Community Guidelines.

Details: